000 00477nam a2200121Ia 4500
008 220620s9999||||xx |||||||||||||| ||und||
245 0 _aBecoming Human with Humanoid
_bFrom Physical Interaction to Social Intelligence
546 _aEnglish[eng]
650 _aAutomatic control engineering
700 _aHoirul Basori, Ahmad||Leylavi Shoushtari, Ali||Venelinov Topalov, Andon
856 _uhttps://mts.intechopen.com/storage/books/6865/authors_book/authors_book.pdf
942 _cEB
999 _c34809
_d34809